00397cam a22001097a 4500008004000000082001400040245010900054260005200163300000900215650001700224700004600241180718b1967 xxu||||| |||| 00| 0 eng d aT16 In8ct aReport of the ''regional seminar on cooperative training''cby International Cooperative Alliance, India aDelhibInternational Cooperative Alliancec1967 a18p. aCo-operative aIndia. International Cooperative Alliance